000 00244nam a22000857a 4500
008 161122b xxu||||| |||| 00| 0 eng d
100 _91323
_aCBSE
245 _aFashion studies : Learning Resources : xi
260 _aNew delhi
_bNational book trust
_c2004
999 _c4035
_d4035